000 00275nam a2200109Ia 4500
008 190216s9999||||xx |||||||||||||| ||und||
100 _aBalagangadara Thilakan
245 0 _aGeetha Rehasyam 1 11 111
260 _bPangam Vasudevan Namboodiri
650 _aPadanam
942 _cBK
999 _c25227
_d25227